Designers unaware of CDM duties (Record no. 72626)

MARC details
000 -LEADER
fixed length control field 01078cam a2200229 4500
001 - CONTROL NUMBER
control field WB3917-03
008 - FIXED-LENGTH DATA ELEMENTS--GENERAL INFORMATION
fixed length control field 030506n2003 000 0 eng u
035 ## - SYSTEM CONTROL NUMBER
System control number (Sirsi) u122198
245 ## - TITLE STATEMENT
Title Designers unaware of CDM duties
260 ## - PUBLICATION, DISTRIBUTION, ETC.
Date of publication, distribution, etc. 2003
490 ## - SERIES STATEMENT
Series statement HSE News Release
Volume/sequential designation (EO66:03) 2 May 2003 (3)
520 ## - SUMMARY, ETC.
Summary, etc. Architects and construction design professionals will be targeted by the Health and Safety Executive (HSE) as it makes Construction and Design Management (CDM) enforcement a priority over the next 12 months. A recent HSE pilot study revealed that of the 123 sites visited, one third of designers were ignorant of their duties under Regulation 13 of the Construction (Design & Management) Regulations 1994 (CDM). http://www.gnn.gov.uk/gnn/national.nsf/Daily+News/2BA9D5A1B0AEFF4780256D1A0040AB40?opendocument
590 ## - LOCAL NOTE (RLIN)
Local note WB
650 ## - SUBJECT ADDED ENTRY--TOPICAL TERM
Topical term or geographic name entry element HSE
650 ## - SUBJECT ADDED ENTRY--TOPICAL TERM
Topical term or geographic name entry element CDM REGULATIONS
650 ## - SUBJECT ADDED ENTRY--TOPICAL TERM
Topical term or geographic name entry element DESIGNERS
650 ## - SUBJECT ADDED ENTRY--TOPICAL TERM
Topical term or geographic name entry element CONSULTANTS LIABILITIES
650 ## - SUBJECT ADDED ENTRY--TOPICAL TERM
Topical term or geographic name entry element SITE SAFETY
650 ## - SUBJECT ADDED ENTRY--TOPICAL TERM
Topical term or geographic name entry element ENFORCEMENT
690 ## - LOCAL SUBJECT ADDED ENTRY--TOPICAL TERM (OCLC, RLIN)
Topical term or geographic name as entry element BUILT ENVIRONMENT-BUILDING STANDARDS
942 ## - ADDED ENTRY ELEMENTS (KOHA)
Suppress in OPAC 0
Holdings
Withdrawn status Lost status Source of classification or shelving scheme Damaged status Not for loan Home library Current library Shelving location Date acquired Total Checkouts Full call number Barcode Date last seen Copy number Price effective from Koha item type
    Dewey Decimal Classification     London London News article 06/05/2003   WB3917-03 122198-1001 06/08/2019 1 06/08/2019 News article